01300cam a22003255a 4500001001000000003000400010005001700014008004100031020002500072040003700097082002200134245014300156260010400299300003300403500002400436504004100460530002400501590001700525650003500542650004600577651001000623653002300633655002400656690004400680650002900724700004800753942002200801999001700823952013400840016206010OSt20201128021036.0120706t2013 -uka frb 001 0 eng d a9781781954041 (hbk.) aStDuBDSbengcStDuBDSdEG-ScBUE 04a338.6048222bCRE00aCreating competitiveness :bentrepreneurship and innovation policies for growth /cedited by David B. Audretsch, Mary Lindenstein Walshok. aCheltenham, United Kingdom ;aNorthampton, Massachusetts:bEdward Elgar,cc.2013f(MPG Books Group) axi, 220 p. :bill. ;c24 cm. aIndex : p. 211-220. aIncludes bibliographical references. aAlso issued online. aMenna Elemam 0aEntrepreneurship9344672BUEsh 0aRegional economic disparities92402BUEsh 2BUEsh bBUSADMcAugust2015 vreading book9342327 aManagement and Business Studies2blcoll 091911aCompetition2BUEsh1 aWalshok, Mary Lindenstein ;eeditor.935726 2ddck338.6048 CRE c18140d18112 00102ddc40708BaccahaMAINbMAINc1STd2014-03-20epurchaseg780.00l0o338.04 CREp000035778r2025-07-15 00:00:00v975.00yBB